| 000 | 00847nam a22002177a 4500 | ||
|---|---|---|---|
| 003 | DO-SdBNP | ||
| 005 | 20211015105914.0 | ||
| 007 | ta | ||
| 008 | 210621b 2018 dr 00| 0 eng d | ||
| 020 | _a9789945909944 | ||
| 040 |
_aDO-SdBNP _bspa _cBNPHU |
||
| 100 | 1 |
_a:Medina Sánchez, Rafael, _d1972- _978936 |
|
| 245 | 1 | 0 |
_aLa disyuntiva de Juan Pilero / _cRafael Medina Sánchez. |
| 260 |
_aHermanas Mirabal, República Dominicana : _bPapelmaché, _c2018 |
||
| 300 |
_a95 p. ; _c22 cm. |
||
| 500 | _aIncluye datos biográficos del autor en las solapas. | ||
| 505 | 0 |
_aLos vápodos -- _tCando: un jinete engreído -- _tLos domingos -- _tLa bruja de Quilino -- _tKentauro --- _tCosas de campo -- _t El juego de Milo -- _tEl robo -- _tDoble partida -- _tLa confesión . |
|
| 590 | _aInventariado, 2021 /LP | ||
| 910 | _aLopérez | ||
| 942 |
_2ddc _cLBS1 |
||
| 999 |
_c49969 _d49969 |
||